000 01879nam a22002657a 4500
003 PE SENCICO BE
005 20260416185536.0
008 260416b |||||||| |||| 00| 0 eng d
020 _a978-603-4005-07-5
040 _aPE SENCICO BE
_cPE SENCICO BE
041 _aspa
082 _a005.36A
_bG26
100 1 _aGarcia Corzo, Juan Carlos
_9635
_eautor
245 1 _aAutocad 2008 :
_bpara ingenieros y arquitectos /
_cJuan Carlos Garcia Corzo
250 _a1a ed.
260 _aLima :
_bGrupo Editorial Megabyte SAC ;
_c2007
300 _a927 paginas :
_bgráficos ;
_c21.5 cm.
505 0 _aInicio con AutoCAD – Sistemas de coordinadas y comandos de ayuda – Edición de entidades – Visualización de AutoCAD -- Control de capas, colores, tipos de línea, grosor de línea y propiedades – Creación de tablas – Presentaciones – Configuración workspace – Administrador de conjuntos – Entorno 3D autocad – 3D operaciones – Edición de sólidos – Superficies simples y complejas – Barra 3D navigation – Representación de objetos en 3 dimensiones – Animación – Talleres y proyectos.
520 3 _aExplica las funciones de Autocad 2008, que aumentan la velocidad y la precisión del trabajo, y a la vez ahorran tiempo. Este manual describe las funciones que aumentan la productividad, principalmente para aquellas personas que realicen actividades relacionadas con el diseño o empleen herramientas CAD. Incluye ejercicios y ejemplos a partir de diferentes aplicaciones mecánica, ingeniería, topografía, obras civiles, electrónica, construcción, diseño, etc., complementando la formación de los profesionales de arquitectura e ingeniería
650 1 0 _aAutoCad (Programa para computadora)
_9422
650 2 0 _aGráficos por computadora
_9423
650 2 0 _aSistemas constructivos
_9587
910 _ahfp
942 _2ddc
_cLIB
999 _c9876
_d9876